<?xml version="1.0" encoding="UTF-8"?>
<record
    xmlns:xsi="http://www.w3.org/2001/XMLSchema-instance"
    xsi:schemaLocation="http://www.loc.gov/MARC21/slim http://www.loc.gov/standards/marcxml/schema/MARC21slim.xsd"
    xmlns="http://www.loc.gov/MARC21/slim">

  <leader>00902nam a22001577a 4500</leader>
  <controlfield tag="003">IT-RoPau</controlfield>
  <controlfield tag="005">20220918181103.0</controlfield>
  <controlfield tag="008">130411b        xxu||||| |||| 00| 0 eng d</controlfield>
  <datafield tag="040" ind1=" " ind2=" ">
    <subfield code="c">IT-RoPau</subfield>
  </datafield>
  <datafield tag="245" ind1=" " ind2=" ">
    <subfield code="a">"Integralit&#xE0;" La passione del paolino</subfield>
    <subfield code="b">Lettera di Don Silvio Pignotti Superiore Generale SSP per l'anno 1993-1994</subfield>
  </datafield>
  <datafield tag="250" ind1=" " ind2=" ">
    <subfield code="a">1&#xB0; ed</subfield>
  </datafield>
  <datafield tag="260" ind1=" " ind2=" ">
    <subfield code="a">Roma</subfield>
    <subfield code="b">Casa Generalizia SSP</subfield>
    <subfield code="c">1993</subfield>
  </datafield>
  <datafield tag="300" ind1=" " ind2=" ">
    <subfield code="a">28 pp.</subfield>
    <subfield code="c">21 cm</subfield>
  </datafield>
  <datafield tag="520" ind1=" " ind2=" ">
    <subfield code="a">Indice

"Integralit&#xE0;" - La passione del paolino
I. Una eredit&#xE0; carismatica del Fondatore
1. L'orizzonte della integralit&#xE0;
2. Integralit&#xE0; spirituale ed antropologica
3. Il "metodo" della integralit&#xE0;
4. Integralit&#xE0; nell'apostolato
II. La preoccupazione del VI Capitolo Generale
1. Formazione integrale alla comunicazione
2. Formazione alla globalit&#xE0;
3. Un impegno in primo luogo personale
4. Una "preoccupazione" per i Superiori
Conclusione</subfield>
  </datafield>
  <datafield tag="942" ind1=" " ind2=" ">
    <subfield code="2">ddc</subfield>
    <subfield code="c">BK</subfield>
  </datafield>
  <datafield tag="999" ind1=" " ind2=" ">
    <subfield code="c">98347</subfield>
    <subfield code="d">98347</subfield>
  </datafield>
  <datafield tag="952" ind1=" " ind2=" ">
    <subfield code="0">0</subfield>
    <subfield code="1">0</subfield>
    <subfield code="2">ddc</subfield>
    <subfield code="4">0</subfield>
    <subfield code="6">P_C5</subfield>
    <subfield code="7">1</subfield>
    <subfield code="a">PAULUS</subfield>
    <subfield code="b">PAULUS</subfield>
    <subfield code="d">2013-04-11</subfield>
    <subfield code="l">0</subfield>
    <subfield code="o">P C5</subfield>
    <subfield code="p">CDU DP 75</subfield>
    <subfield code="r">2013-04-11 00:00:00</subfield>
    <subfield code="w">2013-04-11</subfield>
    <subfield code="y">BK</subfield>
  </datafield>
  <datafield tag="952" ind1=" " ind2=" ">
    <subfield code="0">0</subfield>
    <subfield code="1">0</subfield>
    <subfield code="2">ddc</subfield>
    <subfield code="4">0</subfield>
    <subfield code="6">P_C5</subfield>
    <subfield code="7">1</subfield>
    <subfield code="a">PAULUS</subfield>
    <subfield code="b">PAULUS</subfield>
    <subfield code="d">2013-04-11</subfield>
    <subfield code="l">0</subfield>
    <subfield code="o">P C5</subfield>
    <subfield code="r">2013-04-11 00:00:00</subfield>
    <subfield code="w">2013-04-11</subfield>
    <subfield code="y">BK</subfield>
  </datafield>
  <datafield tag="952" ind1=" " ind2=" ">
    <subfield code="0">0</subfield>
    <subfield code="1">0</subfield>
    <subfield code="2">ddc</subfield>
    <subfield code="4">0</subfield>
    <subfield code="6">P_C5</subfield>
    <subfield code="7">1</subfield>
    <subfield code="a">PAULUS</subfield>
    <subfield code="b">PAULUS</subfield>
    <subfield code="d">2013-04-11</subfield>
    <subfield code="l">0</subfield>
    <subfield code="o">P C5</subfield>
    <subfield code="r">2013-04-11 00:00:00</subfield>
    <subfield code="w">2013-04-11</subfield>
    <subfield code="y">BK</subfield>
  </datafield>
</record>
